| 000 | 00666nam a22001937a 4500 | ||
|---|---|---|---|
| 003 | OSt | ||
| 005 | 20160802092526.0 | ||
| 008 | 160113b xxu||||| |||| 00| 0 eng d | ||
| 020 | _a9780618406463 | ||
| 040 | _cLIC | ||
| 082 |
_2[2007] _aDK12 507 _bUn58 |
||
| 245 |
_aMcdougall Littell Science: _bmatter and energy: unit resource book. |
||
| 260 |
_aEvanston, Illinois: _bA Houghton Mifflin Company, _c[c2007] |
||
| 300 |
_aviii, 283 pages: _billustrations; _c28 cm. |
||
| 440 |
_91620 _aMcDougal Littell Science |
||
| 650 | 0 |
_91621 _aScience _xStudy and teaching (Middle school) |
|
| 650 | 0 |
_91622 _aMatter and Energy _xStudy and teaching (Middle school) |
|
| 942 |
_2ddc _cDC |
||
| 999 |
_c613 _d613 |
||